|
|
|
|
| LEADER |
00000cam a22000004a 4500 |
| 001 |
musev2_69270 |
| 003 |
MdBmJHUP |
| 005 |
20230905051145.0 |
| 006 |
m o d |
| 007 |
cr||||||||nn|n |
| 008 |
081112s2008 ncu o 00 0 eng d |
| 020 |
|
|
|a 9780822390497
|
| 020 |
|
|
|z 9780822340898
|
| 020 |
|
|
|z 9780822341109
|
| 035 |
|
|
|a (OCoLC)1140089708
|
| 040 |
|
|
|a MdBmJHUP
|c MdBmJHUP
|
| 100 |
1 |
|
|a Johnston, Steven,
|e author.
|
| 245 |
1 |
4 |
|a The Truth about Patriotism /
|c Steven Johnston.
|
| 264 |
|
1 |
|a Durham :
|b Duke University Press,
|c 2007.
|
| 264 |
|
3 |
|a Baltimore, Md. :
|b Project MUSE,
|c 2020
|
| 264 |
|
4 |
|c ©2007.
|
| 300 |
|
|
|a 1 online resource (296 pages):
|b illustrations
|
| 336 |
|
|
|a text
|b txt
|2 rdacontent
|
| 337 |
|
|
|a computer
|b c
|2 rdamedia
|
| 338 |
|
|
|a online resource
|b cr
|2 rdacarrier
|
| 505 |
0 |
|
|a Acknowledgments -- "Without external picturesqueness," or, why I am not a patriot -- This patriotism which is not one -- Iconic drama I: The mortal logic of enmity -- Iconic drama II: the Socratic way of death -- The American memorial/monument complex I: political not patriotic -- The American memorial/monument complex II: the architecture of democratic monuments -- Patriotism and death: wounded patriotic attachments -- Bruce Springsteen and the tragedy of the American dream -- Notes -- Bibliography -- Index.
|
| 520 |
|
|
|a Critique of the role of patriotism in democratic theory and its manifestation in popular culture as a mode of conceptualizing national cohesion.
|
| 588 |
|
|
|a Description based on print version record.
|
| 650 |
|
7 |
|a Politics and government.
|2 fast
|0 (OCoLC)fst01919741
|
| 650 |
|
7 |
|a Patriotism.
|2 fast
|0 (OCoLC)fst01055200
|
| 650 |
|
7 |
|a POLITICAL SCIENCE
|x History & Theory.
|2 bisacsh
|
| 650 |
|
7 |
|a POLITICAL SCIENCE
|x Political Freedom & Security
|x Human Rights.
|2 bisacsh
|
| 650 |
|
7 |
|a POLITICAL SCIENCE
|x Political Freedom & Security
|x Civil Rights.
|2 bisacsh
|
| 650 |
|
6 |
|a Patriotisme
|z États-Unis.
|
| 650 |
|
0 |
|a Patriotism
|z United States.
|
| 651 |
|
7 |
|a United States.
|2 fast
|0 (OCoLC)fst01204155
|
| 651 |
|
6 |
|a États-Unis
|x Politique et gouvernement.
|
| 651 |
|
0 |
|a United States
|x Politics and government.
|
| 655 |
|
7 |
|a Electronic books.
|2 local
|
| 710 |
2 |
|
|a Project Muse.
|e distributor
|
| 830 |
|
0 |
|a Book collections on Project MUSE.
|
| 856 |
4 |
0 |
|z Texto completo
|u https://projectmuse.uam.elogim.com/book/69270/
|
| 945 |
|
|
|a Project MUSE - Custom Collection
|